000 00659nab a2200217 a 4500
001 59344
003 131186
005 20201118105620.0
008 ||||||n9999 ||| || ||
041 _aspa
100 _aAltmann, Arturo
245 0 _aParticipar en la sociedad :
_bel periodismo y la libertad de expresion en America Latina, pp.8-10
260 _aAlemania :
_bDeutsche Stiffung fur internationale Entwicklung,
_c1998.
562 _e0
650 _aAMÉRICA LATINA
650 _aANÁLISIS SOCIOLÓGICO
650 _aINTOLERANCIA
650 _aLIBRE PRENSA
773 _059030
_aD+C Desarrollo y Cooperacion - No.6 (1998)
942 _cSART
999 _c59344
_d59344